The Portrait of A Complete Man A Guide to Male Personality (Record no. 196508)

MARC details
000 -LEADER
fixed length control field 00477nam a2200193Ia 4500
008 - FIXED-LENGTH DATA ELEMENTS--GENERAL INFORMATION
fixed length control field 240823s9999||||xx |||||||||||||| ||und||
020 ## - INTERNATIONAL STANDARD BOOK NUMBER
International Standard Book Number 81-223-0830-9
082 ## - DEWEY DECIMAL CLASSIFICATION NUMBER
-- 843.912 P6
100 ## - MAIN ENTRY--PERSONAL NAME
Personal name Prem P Bhalla
245 #4 - TITLE STATEMENT
Title The Portrait of A Complete Man A Guide to Male Personality
250 ## - EDITION STATEMENT
Edition statement 1st
260 ## - PUBLICATION, DISTRIBUTION, ETC. (IMPRINT)
Date of publication, distribution, etc 2006
Name of publisher, distributor, etc Pustak Mahal
500 ## - GENERAL NOTE
General note YES
650 ## - SUBJECT ADDED ENTRY--TOPICAL TERM
Topical term or geographic name as entry element Complete Man
942 ## - ADDED ENTRY ELEMENTS (KOHA)
Item type Books
Holdings
Withdrawn status Lost status Damaged status Permanent location Current location Shelving location Date acquired Source of acquisition Cost, normal purchase price Full call number Barcode Date last seen Koha item type
      CENTRAL LIBRARY, NOORUL ISLAM CENTRE FOR HIGHER EDUCATION CENTRAL LIBRARY, NOORUL ISLAM CENTRE FOR HIGHER EDUCATION   07/30/2013 Higginbothams Private Ltd 96.00 843.912 P6 48119 03/25/2025 Books
Visitors:
Copyright © 2024 Central Library NICHE.  All rights reserved.